000 01058naa a22002897a 4500
001 BR7503297
003 BR-BrBNA
005 20240918173745.0
007 ta
008 230509b bl.||||| |||| 00| 0 por d
040 _aBR-BrBNA
_bpor
_cBiblioteca Nacional de Agricultura
041 _a(Pt)
072 _aH20; H10
_b2120
_b4050
090 _aH20 BR7503297
100 1 _aLordello, L.G.E.
100 1 _aFazuoli, L.C.
100 1 _aLordello, R.R.A.
111 1 _a3. Congresso Brasileiro de Pesquisas Cafeeiras
_cCuritiba, PR (Brazil)
_d18 Nov 1975
245 1 _aPlantas atacadas por nematoides do genero Meloidogyne [cafe]
260 3 _aRio de Janeiro, RJ (Brasil):
_c1975.
500 _aResumos do 3. Congresso Brasileiro de Pesquisas Cafeeiras Rio de Janeiro, RJ (Brasil): 1975. p. 115 (BR7503297-AM)H20
650 _aCAFE
650 _aNEMATOIDE
773 0 _tResumos do 3. Congresso Brasileiro de Pesquisas Cafeeiras
_wH20 BR7503297
_gRio de Janeiro, RJ (Brasil), 1975. p. 115
909 _a202404
_bLucia
_c55
_dLucia Elande
942 _cAM
_2AGRIS
999 _c306688
_d306688